| 000 | 01045cad a22002415a 4500 | ||
|---|---|---|---|
| 001 | L155194 | ||
| 008 | 120309s2012 xxk f 000 a0eng d | ||
| 035 | _a(Sirsi) u155194 | ||
| 041 | 0 | _aeng | |
| 110 | 2 |
_aRider Levett Bucknall _95520 |
|
| 245 | 0 | 0 |
_aInternational report _bconstruction market intelligence, first quarter 2012 _h[electronic resource] |
| 260 | 3 |
_a[S.l.] _bRLB _c2012 |
|
| 490 | 0 |
_aRLB International Report _vConstruction Market Intelligence, January 2012 |
|
| 520 | _aThis twice-yearly report covers construction market intelligence and data for Asia, USA, EMEA and Oceania; market data construction rates for cities in each region; statistics and tables. | ||
| 521 | _aAdvanced | ||
| 590 | _aKA NTK | ||
| 650 | 2 | 4 | _aRLB INTERNATIONAL REPORT |
| 651 | 4 | _aInternational | |
| 690 |
_aConstruction management _96230 |
||
| 690 |
_aCost management _96233 |
||
| 856 | 4 | 0 |
_uhttps://rlb.com/rlb.com/pdf/research/RLB_International_Report_First_Quarter_2012.pdf _zView the item free of charge (PDF file) at www.rlb.com |
| 942 | _n0 | ||
| 999 |
_c113385 _d113385 |
||